[Event "BL2-Ost 2122"]
[Site "Germany"]
[Date "2022.04.30"]
[Round "3.5"]
[White "Hoeglauer, Patrick"]
[Black "Eichner, Sebastian"]
[Result "1-0"]
[WhiteElo "2268"]
[BlackElo "2353"]
[PlyCount "107"]
[EventDate "2022.03.05"]
[EventType "team-tourn"]
[EventRounds "10"]
[EventCountry "GER"]
[SourceTitle "EXT 2023"]
[Source "ChessBase"]
[SourceDate "2022.10.05"]
[SourceVersion "1"]
[SourceVersionDate "2022.10.05"]
[SourceQuality "1"]
[WhiteTeam "Bayern Muenchen II"]
[BlackTeam "Nickelhuette Aue"]
[WhiteTeamCountry "GER"]
[BlackTeamCountry "GER"]

1. e4 e6 2. d4 d5 3. Nc3 Nf6 4. Bg5 dxe4 5. Nxe4 Nbd7 6. Nf3 h6 7. Bxf6 Nxf6 8. Bd3 c5 9. 0-0 cxd4 10. Nxf6+ gxf6 11. Nxd4 Bg7 12. Re1 0-0 13. c3 f5 14. Ne2 b6 15. Nf4 Bb7 16. Qe2 Qg5 17. g3 Rad8 18. Rad1 Ba8 19. h4 Qf6 20. Nh5 Qg6 21. Nf4 Qf6 22. Qe3 e5 23. Ng2 Qc6 24. Bf1 Rfe8 25. f4 Rxd1 26. Rxd1 Bf8 27. Kh2 Bc5 28. Qd2 Qf3 29. Qe2 Qxe2 30. Bxe2 Bxg2 31. Kxg2 exf4 32. Bb5 Re4 33. Bd3 Ra4 34. a3 fxg3 35. b4 Bf2 36. Ra1 a6 37. Bc2 b5 38. Bxa4 bxa4 39. Rd1 f4 40. Rd6 Be3 41. Rxa6 Kg7 42. h5 Bc1 43. b5 Bxa3 44. Rxa4 Bd6 45. b6 Kf6 46. b7 Kg5 47. Kf3 Kxh5 48. Rd4 Bc7 49. Rd7 Bb8 50. Rd8 Bc7 51. b8Q Bxb8 52. Rxb8 Kg5 53. Rg8+ Kh4 54. Kxf4 1-0

[Event "BL2-Ost 1920"]
[Site "Germany"]
[Date "2019.10.20"]
[Round "2.5"]
[White "Eichner, Sebastian"]
[Black "Schnider, Gert"]
[Result "0-1"]
[WhiteElo "2349"]
[BlackElo "2428"]
[PlyCount "96"]
[EventDate "2019.10.19"]
[EventType "team-tourn"]
[EventRounds "11"]
[EventCountry "GER"]
[SourceTitle "CBM 194 Extra"]
[Source "ChessBase"]
[SourceDate "2020.03.31"]
[SourceVersion "1"]
[SourceVersionDate "2020.03.31"]
[SourceQuality "1"]
[WhiteTeam "Nickelhuette Aue"]
[BlackTeam "Muenchen SC"]
[WhiteTeamCountry "GER"]
[BlackTeamCountry "GER"]

1. d4 Nf6 2. c4 e6 3. Nf3 d5 4. Nc3 Be7 5. Bg5 h6 6. Bh4 dxc4 7. e3 a6 8. Bxc4 b5 9. Bd3 Nbd7 10. 0-0 c5 11. Bxf6 Bxf6 12. Ne4 cxd4 13. Nd6+ Ke7 14. Be4 Nb6 15. Bxa8 Qxd6 16. Be4 dxe3 17. Qe2 exf2+ 18. Qxf2 Rd8 19. Rac1 Nc4 20. b3 Ne5 21. Qa7+ Kf8 22. Kh1 Nxf3 23. Bxf3 Bd4 24. Qa8 Qd7 25. Qe4 f5 26. Qf4 e5 27. Qd2 Kg8 28. Qa5 e4 29. Bh5 Qd6 30. Rfd1 Be6 31. h3 f4 32. Qe1 Qe5 33. Bg6 e3 34. Qh4 Rf8 35. Qe7 e2 36. Rxd4 e1Q+ 37. Rxe1 Qxe1+ 38. Kh2 Qg3+ 39. Kh1 Qxg6 40. Rd6 Re8 41. Qc7 f3 42. gxf3 Qg3 43. Qc6 Rc8 44. Rd8+ Rxd8 45. Qxe6+ Kh8 46. Qe2 Qxh3+ 47. Kg1 Qg3+ 48. Kh1 Rf8 0-1

[Event "BL2-Ost 1819"]
[Site "Germany"]
[Date "2018.12.15"]
[Round "3.7"]
[White "Hoffmann, Sebastian1111"]
[Black "Eichner, Sebastian"]
[Result "1/2-1/2"]
[WhiteElo "2064"]
[BlackElo "2361"]
[PlyCount "36"]
[EventDate "2018.11.10"]
[EventType "team-tourn"]
[EventRounds "10"]
[EventCountry "GER"]
[SourceTitle "CBM 190 Extra"]
[Source "ChessBase"]
[SourceDate "2019.07.15"]
[SourceVersion "1"]
[SourceVersionDate "2019.07.15"]
[SourceQuality "1"]
[WhiteTeam "Nuernberg NT"]
[BlackTeam "Aue Nickelhuette"]
[WhiteTeamCountry "GER"]
[BlackTeamCountry "GER"]

1. e4 e5 2. Nf3 Nf6 3. Nc3 Nc6 4. d4 exd4 5. Nxd4 Bb4 6. Nxc6 bxc6 7. Bd3 0-0 8. 0-0 d5 9. exd5 cxd5 10. h3 h6 11. Qf3 Rb8 12. Bf4 Bd6 13. b3 Rb4 14. Bd2 Rh4 15. Rfe1 c6 16. Ne2 Qc7 17. Ng3 c5 18. Nf5 Bxf5 1/2-1/2

[Event "BL2-Ost 1617"]
[Site "Germany"]
[Date "2016.10.16"]
[Round "2.6"]
[White "Koepke, Elena"]
[Black "Eichner, Sebastian"]
[Result "1/2-1/2"]
[WhiteElo "2340"]
[BlackElo "2364"]
[PlyCount "34"]
[EventDate "2016.10.14"]
[EventType "team-tourn"]
[EventRounds "10"]
[EventCountry "GER"]
[SourceTitle "CBM 175 Extra"]
[Source "ChessBase"]
[SourceDate "2016.12.12"]
[SourceVersion "1"]
[SourceVersionDate "2016.12.12"]
[SourceQuality "1"]
[WhiteTeam "Garching"]
[BlackTeam "Nickelhuette Aue"]
[WhiteTeamCountry "GER"]
[BlackTeamCountry "GER"]

1. e4 e6 2. d4 d5 3. Nd2 Nf6 4. e5 Nfd7 5. Bd3 c5 6. c3 Nc6 7. Ne2 cxd4 8. cxd4 f6 9. exf6 Nxf6 10. Nf3 Bd6 11. 0-0 Qc7 12. h3 0-0 13. Be3 Bd7 14. Re1 Rae8 15. Rc1 a6 16. Nc3 Re7 17. Bg5 Qb8 1/2-1/2

[Event "BL2-Ost 1617"]
[Site "Germany"]
[Date "2016.10.15"]
[Round "1.5"]
[White "Hiermann, Dietmar"]
[Black "Eichner, Sebastian"]
[Result "1/2-1/2"]
[WhiteElo "2292"]
[BlackElo "2364"]
[PlyCount "89"]
[EventDate "2016.10.14"]
[EventType "team-tourn"]
[EventRounds "10"]
[EventCountry "GER"]
[SourceTitle "CBM 175 Extra"]
[Source "ChessBase"]
[SourceDate "2016.12.12"]
[SourceVersion "1"]
[SourceVersionDate "2016.12.12"]
[SourceQuality "1"]
[WhiteTeam "Passau"]
[BlackTeam "Nickelhuette Aue"]
[WhiteTeamCountry "GER"]
[BlackTeamCountry "GER"]

1. e4 e6 2. d4 d5 3. Nc3 Nf6 4. e5 Nfd7 5. f4 c5 6. Nf3 Be7 7. Be3 b6 8. g3 0-0 9. h4 Nc6 10. a3 Kh8 11. Qd2 a5 12. h5 Ba6 13. Bxa6 Rxa6 14. g4 a4 15. 0-0-0 Na5 16. f5 Nc4 17. Qe2 b5 18. h6 g6 19. f6 Bxf6 20. exf6 b4 21. Nd2 Nxe3 22. Qxe3 cxd4 23. Qe2 d3 24. Qxd3 Nc5 25. Qd4 bxc3 26. Qxc5 cxd2+ 27. Rxd2 Kg8 28. g5 Qb8 29. Qe3 Rb6 30. c3 e5 31. Re1 Re8 32. Qe2 Rb5 33. Red1 d4 34. cxd4 exd4 35. Qg2 Qf4 36. Kb1 Rxg5 37. Qc6 Rge5 38. Rxd4 Qxh6 39. Qxa4 Qe3 40. Ka2 h5 41. Rd8 g5 42. R1d3 Qe4 43. R3d4 Qe2 44. Rd2 Qe4 45. R2d4 1/2-1/2

[Event "Erfurt op 24th"]
[Site "Erfurt"]
[Date "2014.12.30"]
[Round "8"]
[White "Eichner, Sebastian"]
[Black "Poetsch, Hagen"]
[Result "1-0"]
[WhiteElo "2365"]
[BlackElo "2496"]
[PlyCount "119"]
[EventDate "2014.12.26"]
[EventType "swiss"]
[EventRounds "8"]
[EventCountry "GER"]
[SourceTitle "CBM 164 Extra"]
[Source "ChessBase"]
[SourceDate "2015.03.02"]
[SourceVersion "1"]
[SourceVersionDate "2015.03.02"]
[SourceQuality "1"]

1. d4 Nf6 2. c4 b6 3. Nf3 Bb7 4. g3 c5 5. d5 b5 6. Bg2 bxc4 7. Nc3 d6 8. Nd2 g6 9. Nxc4 Bg7 10. Bf4 0-0 11. Rc1 Ba6 12. Na4 Nbd7 13. 0-0 Nb6 14. Na5 Qd7 15. Nc6 Rfe8 16. Re1 Bb7 17. b4 Nbxd5 18. Na5 cxb4 19. Nxb7 Qxb7 20. Bg5 Qb5 21. Bxf6 Nxf6 22. Bc6 Qh5 23. Kg2 d5 24. Qb3 Bh6 25. e3 Rab8 26. Bxe8 Nxe8 27. Rc5 e6 28. Ra5 Nf6 29. Nc5 Bf8 30. Qd1 Qe5 31. Qd4 Qc7 32. Nb3 e5 33. Rxa7 Qc3 34. Qd2 Rc8 35. Rd1 h5 36. Qe2 Qc2 37. Qf3 Qf5 38. Qxf5 gxf5 39. Rc1 Rxc1 40. Nxc1 Ne4 41. Nd3 f6 42. Rb7 Nc3 43. Nxb4 Bxb4 44. Rxb4 Nxa2 45. Rb5 Nc3 46. Rc5 d4 47. exd4 exd4 48. Kf3 Kf7 49. Rc4 Ne4 50. Rxd4 Ng5+ 51. Ke3 Ne6 52. Rd7+ Kg6 53. Re7 f4+ 54. Kf3 Kf5 55. Rxe6 Kxe6 56. Kxf4 Ke7 57. Kf5 Kf7 58. h4 Kg7 59. f3 Kf7 60. f4 1-0

[Event "Erfurt op 24th"]
[Site "Erfurt"]
[Date "2014.12.28"]
[Round "4"]
[White "Eichner, Sebastian"]
[Black "Osmanodja, Filiz"]
[Result "1-0"]
[WhiteElo "2365"]
[BlackElo "2295"]
[PlyCount "111"]
[EventDate "2014.12.26"]
[EventType "swiss"]
[EventRounds "8"]
[EventCountry "GER"]
[SourceTitle "CBM 164 Extra"]
[Source "ChessBase"]
[SourceDate "2015.03.02"]
[SourceVersion "1"]
[SourceVersionDate "2015.03.02"]
[SourceQuality "1"]

1. d4 Nf6 2. c4 e6 3. Nf3 d5 4. Nc3 Be7 5. Bg5 0-0 6. e3 h6 7. Bh4 Ne4 8. Bxe7 Qxe7 9. Rc1 c6 10. Bd3 Nxc3 11. Rxc3 dxc4 12. Bxc4 Nd7 13. 0-0 b6 14. Qe2 c5 15. Rd1 a6 16. e4 b5 17. Bb3 Bb7 18. e5 Rac8 19. d5 exd5 20. Bxd5 Bxd5 21. Rxd5 Nb6 22. Rd6 Nc4 23. Rxa6 Qb7 24. Rxh6 gxh6 25. b3 Nb6 26. Nh4 f5 27. Qh5 f4 28. Qg6+ Qg7 29. Qxb6 Qxe5 30. Qg6+ Qg7 31. Qe6+ Qf7 32. Qxh6 Qf6 33. Qxf6 Rxf6 34. g3 Kf7 35. Ng2 fxg3 36. hxg3 Ra6 37. Rc2 Ke6 38. Nf4+ Kd6 39. Nd3 Ra7 40. Rd2 Rca8 41. a4 bxa4 42. Nb2+ Kc6 43. Nxa4 Rb8 44. Rc2 Ra5 45. Rc3 Rb4 46. Nb2 Kd5 47. Rd3+ Rd4 48. Rf3 Rb4 49. Rd3+ Kc6 50. Kg2 Ra1 51. Nc4 Rb1 52. g4 Kc7 53. Rd5 Kc6 54. Rd6+ Kc7 55. Rd5 Kc6 56. Rf5 1-0

[Event "BL2-Ost 1415"]
[Site "Germany"]
[Date "2014.12.07"]
[Round "6.5"]
[White "Eichner, Sebastian"]
[Black "Krensing, Jan"]
[Result "1/2-1/2"]
[WhiteElo "2365"]
[BlackElo "2337"]
[PlyCount "94"]
[EventDate "2014.10.18"]
[EventType "team-tourn"]
[EventRounds "10"]
[EventCountry "GER"]
[SourceTitle "CBM 166 Extra"]
[Source "ChessBase"]
[SourceDate "2015.06.18"]
[SourceVersion "1"]
[SourceVersionDate "2015.06.18"]
[SourceQuality "1"]
[WhiteTeam "Aue Nickelhuette"]
[BlackTeam "Bindlach Aktionaer"]
[WhiteTeamCountry "GER"]
[BlackTeamCountry "GER"]

1. d4 e6 2. c4 Nf6 3. Nf3 b6 4. g3 Ba6 5. Nbd2 c5 6. Bg2 Bb7 7. e4 cxd4 8. 0-0 d6 9. Nxd4 Qc8 10. a4 Nc6 11. Nxc6 Bxc6 12. a5 Be7 13. b4 Rb8 14. Bb2 bxa5 15. b5 Bb7 16. Rxa5 Ra8 17. Qa4 0-0 18. Rxa7 Nd7 19. Ra1 Nc5 20. Qd1 Rxa7 21. Rxa7 Bd8 22. Bd4 Bb6 23. Ra3 e5 24. Be3 Qe6 25. Qf1 Qe7 26. Nb1 Ra8 27. Rxa8+ Bxa8 28. Nc3 Qc7 29. Qe2 Bb7 30. h4 h6 31. Qd1 Ne6 32. Nd5 Bxd5 33. Bxb6 Qxb6 34. Qxd5 Nc5 35. Bh3 g6 36. Kg2 Kg7 37. Bg4 h5 38. Bf3 Ne6 39. Qc6 Qxc6 40. bxc6 Kf8 41. g4 Ke7 42. gxh5 Nf4+ 43. Kg3 gxh5 44. Bd1 Kd8 45. Kf3 Kc7 46. Ba4 Ng6 47. Kg3 Nf4 1/2-1/2

[Event "BL2-Ost 1415"]
[Site "Germany"]
[Date "2014.11.09"]
[Round "4.7"]
[White "Rausch, Stephan"]
[Black "Eichner, Sebastian"]
[Result "1/2-1/2"]
[WhiteElo "2276"]
[BlackElo "2365"]
[PlyCount "98"]
[EventDate "2014.10.18"]
[EventType "team-tourn"]
[EventRounds "10"]
[EventCountry "GER"]
[SourceTitle "CBM 166 Extra"]
[Source "ChessBase"]
[SourceDate "2015.06.18"]
[SourceVersion "1"]
[SourceVersionDate "2015.06.18"]
[SourceQuality "1"]
[WhiteTeam "Leipzig SG"]
[BlackTeam "Aue Nickelhuette"]
[WhiteTeamCountry "GER"]
[BlackTeamCountry "GER"]

1. d4 d5 2. Nf3 Nf6 3. c4 c6 4. cxd5 cxd5 5. Nc3 Nc6 6. Bf4 Bf5 7. e3 e6 8. Bd3 Bxd3 9. Qxd3 Be7 10. h3 0-0 11. 0-0 Qd7 12. Ne5 Nxe5 13. Bxe5 Rfc8 14. Rfc1 Rc4 15. Rc2 Rac8 16. Rac1 Ne8 17. Ne2 Nd6 18. Bxd6 Rxc2 19. Rxc2 Bxd6 20. Rxc8+ Qxc8 21. Qc3 Qc4 22. Qxc4 dxc4 23. Kf1 f5 24. Ke1 b5 25. Kd2 b4 26. b3 c3+ 27. Kd3 Kf7 28. Ng1 e5 29. dxe5 Bxe5 30. Nf3 Kf6 31. Ne1 g5 32. g4 fxg4 33. hxg4 h5 34. gxh5 g4 35. h6 Bh2 36. Nc2 Bd6 37. Ke4 a5 38. h7 Kg7 39. Kf5 g3 40. fxg3 Bxg3 41. Ke4 Kxh7 42. Kd3 Kg6 43. Nd4 Kf6 44. Nc6 Bc7 45. a3 bxa3 46. Kxc3 Ke6 47. Kc2 Kd5 48. Nd4 Be5 49. Kb1 Bxd4 1/2-1/2

[Event "Leipzig VfB op 21st"]
[Site "Leipzig"]
[Date "2014.03.08"]
[Round "9"]
[White "Eichner, Sebastian"]
[Black "Graf, Alexander"]
[Result "0-1"]
[WhiteElo "2335"]
[BlackElo "2596"]
[PlyCount "100"]
[EventDate "2014.03.04"]
[EventType "tourn"]
[EventRounds "9"]
[EventCountry "GER"]
[SourceTitle "CBM 159 Extra"]
[Source "ChessBase"]
[SourceDate "2014.04.24"]
[SourceVersion "1"]
[SourceVersionDate "2014.04.24"]
[SourceQuality "1"]

1. d4 Nf6 2. c4 g6 3. Nc3 d5 4. Nf3 Bg7 5. Bf4 0-0 6. e3 c5 7. dxc5 Qa5 8. Rc1 dxc4 9. Bxc4 Qxc5 10. Bb3 Nc6 11. 0-0 Qa5 12. Qe2 Nh5 13. Bg5 Bg4 14. Bh4 g5 15. Bg3 Nxg3 16. hxg3 Rad8 17. Ne4 h6 18. Rc5 Qb4 19. Qc2 Bxf3 20. gxf3 Ne5 21. f4 Nf3+ 22. Kh1 Nd2 23. Nxd2 Rxd2 24. Qc4 Qxc4 25. Rxc4 Rb8 26. fxg5 hxg5 27. Rg4 Rxb2 28. Rxg5 b5 29. Rc5 a5 30. Rc2 a4 31. Rxb2 Bxb2 32. Rb1 axb3 33. Rxb2 bxa2 34. Rxa2 Kg7 35. Kg2 Kf6 36. Kf3 Kg5 37. e4 b4 38. Rb2 b3 39. Kg2 Kf6 40. Kf3 Ke5 41. Ke3 Kd6 42. Kd4 Rb4+ 43. Kc3 Kc5 44. Rxb3 Rxb3+ 45. Kxb3 Kd4 46. Kc2 Kxe4 47. Kd2 Kf3 48. Ke1 e5 49. Kf1 e4 50. Ke1 e3 0-1

[Event "BL2-Ost 1314"]
[Site "Germany"]
[Date "2013.12.15"]
[Round "7.5"]
[White "Eichner, Sebastian"]
[Black "Promyshlyanskiy, Vitaliy"]
[Result "1-0"]
[WhiteElo "2327"]
[BlackElo "2235"]
[PlyCount "99"]
[EventDate "2013.10.12"]
[EventType "team-tourn"]
[EventRounds "10"]
[EventCountry "GER"]
[SourceTitle "EXT 2015"]
[Source "ChessBase"]
[SourceDate "2014.11.20"]
[SourceVersion "1"]
[SourceVersionDate "2014.11.20"]
[SourceQuality "1"]
[WhiteTeam "Aue Nickelhuette"]
[BlackTeam "Nuernberg"]
[WhiteTeamCountry "GER"]
[BlackTeamCountry "GER"]

1. d4 Nc6 2. Nf3 d6 3. e4 g6 4. d5 Nb8 5. h3 Bg7 6. c4 Nd7 7. Bd3 Nc5 8. Bc2 Nf6 9. Nc3 a5 10. Be3 b6 11. 0-0 0-0 12. Rb1 e5 13. a3 Nh5 14. b4 Nd7 15. Ba4 axb4 16. axb4 h6 17. Bc6 Ra6 18. Bb5 Ra8 19. Bc6 Ra6 20. Bb5 Ra8 21. Ne1 Nf4 22. Ne2 g5 23. Ng3 Nf6 24. c5 bxc5 25. bxc5 Nh7 26. Bc6 Ra3 27. Qc1 Ra2 28. Qc4 Ra3 29. Nc2 Ba6 30. Bb5 Bxb5 31. Rxb5 Ra8 32. Nf5 Nf6 33. Rb7 Ne8 34. Rfb1 Kh8 35. Kh2 h5 36. g3 Ng6 37. Qe2 h4 38. Qh5+ Kg8 39. Bxg5 Nf6 40. Qf3 hxg3+ 41. Nxg3 Nf4 42. cxd6 cxd6 43. Nf5 Bh8 44. Rg1 Ng6 45. Ne7+ Kh7 46. Bxf6 Bxf6 47. Qh5+ Kg7 48. Rxg6+ fxg6 49. Qxg6+ Kh8 50. Qh6# 1-0